<?xml version="1.0" encoding="UTF-8"?><?xml-stylesheet type="text/xsl" href="static/style.xsl"?><OAI-PMH xmlns="http://www.openarchives.org/OAI/2.0/" xmlns:xsi="http://www.w3.org/2001/XMLSchema-instance" xsi:schemaLocation="http://www.openarchives.org/OAI/2.0/ http://www.openarchives.org/OAI/2.0/OAI-PMH.xsd"><responseDate>2026-04-14T05:45:51Z</responseDate><request verb="GetRecord" identifier="oai:www.recercat.cat:2117/327196" metadataPrefix="marc">https://recercat.cat/oai/request</request><GetRecord><record><header><identifier>oai:recercat.cat:2117/327196</identifier><datestamp>2025-07-16T22:49:09Z</datestamp><setSpec>com_2072_1033</setSpec><setSpec>col_2072_452949</setSpec></header><metadata><record xmlns="http://www.loc.gov/MARC21/slim" xmlns:dcterms="http://purl.org/dc/terms/" xmlns:xsi="http://www.w3.org/2001/XMLSchema-instance" xmlns:doc="http://www.lyncode.com/xoai" xsi:schemaLocation="http://www.loc.gov/MARC21/slim http://www.loc.gov/standards/marcxml/schema/MARC21slim.xsd">
   <leader>00925njm 22002777a 4500</leader>
   <datafield ind2=" " ind1=" " tag="042">
      <subfield code="a">dc</subfield>
   </datafield>
   <datafield ind2=" " ind1=" " tag="720">
      <subfield code="a">Alotto, Piergiorgio</subfield>
      <subfield code="e">author</subfield>
   </datafield>
   <datafield ind2=" " ind1=" " tag="720">
      <subfield code="a">Jaindl, Michael</subfield>
      <subfield code="e">author</subfield>
   </datafield>
   <datafield ind2=" " ind1=" " tag="720">
      <subfield code="a">Kutschera, Ralph</subfield>
      <subfield code="e">author</subfield>
   </datafield>
   <datafield ind2=" " ind1=" " tag="720">
      <subfield code="a">Magele, Christian</subfield>
      <subfield code="e">author</subfield>
   </datafield>
   <datafield ind2=" " ind1=" " tag="720">
      <subfield code="a">Köstinger, Alice</subfield>
      <subfield code="e">author</subfield>
   </datafield>
   <datafield ind2=" " ind1=" " tag="260">
      <subfield code="c">2011</subfield>
   </datafield>
   <datafield ind2=" " ind1=" " tag="520">
      <subfield code="a">Every engineering discipline faces the fact of ever-shortening time-to-market&#xd;
windows and development cycles. In order to counteract these, virtual prototyping, simulation&#xd;
and problem optimization are employed in a rapidly increasing number of cases.&#xd;
Yet, the key to efficient problem formulation by professionals still lies in the use of sophisticated&#xd;
simulation software capable of processing numerous diverse design and optimization&#xd;
tasks in a versatile way.&#xd;
More often than not, different tools for different workflows need to be coordinated and&#xd;
interdepend on each others data in the design process chain. When toolchains need to&#xd;
be run multiple times, as it is typically the case in numerical optimization, the lineup&#xd;
overhead tends to be tedious to both man and machine.&#xd;
This paper describes different aspects concerning the design of a software and data framework&#xd;
which tackles the problem of lining up software tools that may be incoherent in terms&#xd;
of data exchange and control mode. The resulting system covers all parts of multiphysical&#xd;
simulation problems that may arise in electrical engineering and its adjoining disciplines&#xd;
as an application of the finite element method.</subfield>
   </datafield>
   <datafield tag="653" ind2=" " ind1=" ">
      <subfield code="a">Àrees temàtiques de la UPC::Matemàtiques i estadística::Anàlisi numèrica::Mètodes en elements finits</subfield>
   </datafield>
   <datafield tag="653" ind2=" " ind1=" ">
      <subfield code="a">Finite element method</subfield>
   </datafield>
   <datafield tag="653" ind2=" " ind1=" ">
      <subfield code="a">Coupled problems (Complex systems) -- Numerical solutions</subfield>
   </datafield>
   <datafield tag="653" ind2=" " ind1=" ">
      <subfield code="a">Numerical Optimization, Simulation, Multiphysics, Weak Coupling</subfield>
   </datafield>
   <datafield tag="653" ind2=" " ind1=" ">
      <subfield code="a">Elements finits, Mètode dels</subfield>
   </datafield>
   <datafield ind2="0" ind1="0" tag="245">
      <subfield code="a">Numerical simulation framework for weakly coupled multiphysical problems in electrical engineering</subfield>
   </datafield>
</record></metadata></record></GetRecord></OAI-PMH>